Feasibility study handbook / (Record no. 293301)
[ view plain ]
| 000 -LEADER | |
|---|---|
| fixed length control field | 00589nam a2200217Ia 4500 |
| 008 - FIXED-LENGTH DATA ELEMENTS--GENERAL INFORMATION | |
| fixed length control field | 160404s9999 xx 000 0 und d |
| 020 ## - INTERNATIONAL STANDARD BOOK NUMBER | |
| International Standard Book Number | 971-08-5607-3 |
| 050 ## - LIBRARY OF CONGRESS CALL NUMBER | |
| Classification number | FIL HD 30.24 |
| 050 ## - LIBRARY OF CONGRESS CALL NUMBER | |
| Item number | .D58 2005 c.2 |
| 100 ## - MAIN ENTRY--PERSONAL NAME | |
| Personal name | Ditablan, Eustaquio. |
| 245 ## - TITLE STATEMENT | |
| Title | Feasibility study handbook / |
| 245 ## - TITLE STATEMENT | |
| Statement of responsibility, etc | Eustaquio Ditablan. |
| 260 ## - PUBLICATION, DISTRIBUTION, ETC. (IMPRINT) | |
| Place of publication, distribution, etc | Mandaluyong: |
| 260 ## - PUBLICATION, DISTRIBUTION, ETC. (IMPRINT) | |
| Name of publisher, distributor, etc | National Book Store, |
| 260 ## - PUBLICATION, DISTRIBUTION, ETC. (IMPRINT) | |
| Date of publication, distribution, etc | 2005 |
| 300 ## - PHYSICAL DESCRIPTION | |
| Extent | 105 pages : |
| 300 ## - PHYSICAL DESCRIPTION | |
| Other physical details | illustrations ; |
| 300 ## - PHYSICAL DESCRIPTION | |
| Dimensions | 22 cm. |
| 650 ## - SUBJECT ADDED ENTRY--TOPICAL TERM | |
| Topical term or geographic name as entry element | Feasibility studies -- Handbooks, manuals, etc. |
| 650 ## - SUBJECT ADDED ENTRY--TOPICAL TERM | |
| General subdivision | Business enterprises. |
| Withdrawn status | Lost status | Damaged status | Home library | Current library | Shelving location | Date acquired | Cost, normal purchase price | Total Checkouts | Full call number | Barcode | Date last seen | Price effective from | Koha item type |
|---|---|---|---|---|---|---|---|---|---|---|---|---|---|
| South Mansfield College | South Mansfield College | Filipiniana Section | 06/10/2006 | 95.00 | FIL HD 30.24 .D58 2005 c.2 | SMC03194 | 04/04/2016 | 04/04/2016 |